| 000 | 00746nas a2200265 i 4500 | ||
|---|---|---|---|
| 001 | 1271 | ||
| 003 | ES-MaACL | ||
| 005 | 20250814062551.0 | ||
| 007 | t| | ||
| 008 | 950801c1975 sp q| | 1 ||pa d | ||
| 080 | _a(460) | ||
| 080 | _a008 | ||
| 080 | _a06 | ||
| 245 | 0 | 0 | _aAl Islam. |
| 260 |
_aMadrid : _bAsociación Musulmana en España, _c1975- |
||
| 300 |
_a3 v. ; _c22 cm. |
||
| 310 | _aTrimestral | ||
| 362 | 0 | _aNº 1 (oct. 1975)- | |
| 650 | 7 |
_aCultura _2embne _9170963 |
|
| 650 | 4 |
_aInstituciones científicas y diversas _913829 |
|
| 710 | 0 | 0 |
_aAsociación Musulmana en España ( _cMadrid) _91754 |
| 852 |
_aES-MaACL _jHEM-H-341 _xHem-1526 _d |
||
| 866 | 0 | _o1975-1982(1983 f.n28-29)1984(1985 solo n36-37). | |
| 999 |
_c1271 _d1271 |
||